Missing Word: Produced by Jerry Bruckheimer (A-Z) Quiz Stats

 Plays Quiz Updated Mar 7, 2018

Score 0/23 Timer 03:00
0 Plays Today
Movie (Year) Missing Word % Correct
_____ Hawk Down (2001)Black
98.7%
Beverly ____ Cop (1984)Hills
98.5%
Gone __ Sixty Seconds (2000)in
98.3%
Top ___ (1986)Gun
97.9%
The ____ Ranger (2013)Lone
97.9%
_____ Harbor (2001)Pearl
97.3%
____ Arthur (2004)King
97%
____ Vu (2006)Déjà
95%
________ Gigolo (1980)American
94.3%
Crimson ____ (1995)Tide
93.8%
___ Air (1997)Con
93.6%
Prince __ Persia: The Sands of Time (2010)of
92.5%
Movie (Year) Missing Word % Correct
_____ of the State (1998)Enemy
91.8%
Coyote ____ (2000)Ugly
90.4%
_____ Doctors in Love (1982)Young
88.1%
________ Treasure (2004)National
88%
Pirates of the Caribbean: At _____ End (2007)World's
86.5%
________ the Titans (2000)Remember
80.6%
Kangaroo ____ (2003)Jack
78.7%
Dangerous _____ (1995)Minds
77.9%
________, My Lovely (1975)Farewell
48.2%
Confessions of a __________ (2009)Shopaholic
31.7%
________ Guerin (2003)Veronica
21.6%

Today's Daily Dose

You're not logged in!

Compare scores with friends on all Sporcle quizzes.
OR
Log In

Sporcle TV

Today on Sporcle TV


Watch our educational content, quiz creation guides, and fun videos on Sporcle TV.

Show Comments

Extras

Top Quizzes Today


Score Distribution

Your Account Isn't Verified!

In order to create a playlist on Sporcle, you need to verify the email address you used during registration. Go to your Sporcle Settings to finish the process.

Report this User

Report this user for behavior that violates our Community Guidelines.

Details: